| 000 | 00374nam a2200133Ia 4500 | ||
|---|---|---|---|
| 008 | 231017s9999 xx 000 0 und d | ||
| 082 | _a388.409173 | ||
| 082 | _bSTA | ||
| 245 | 0 | _aImproving Rural Mobility: Option for Developing Motorized and Nonmotorized Transport in Rural Areas | |
| 245 | 0 | _cPaul Strarkey | |
| 260 | _bPaul Strarkey | ||
| 300 | _c30cm | ||
| 942 | _cREP | ||
| 999 |
_c604206 _d604206 |
||